| 000 | 01682nam2a22002651 4500 | ||
|---|---|---|---|
| 001 | RU\NLR\IC100\5000003084 | ||
| 005 | 20250617143147.0 | ||
| 035 | _a(NLR Aleph) 002710448 | ||
| 090 |
_a4402107 _c4402107 |
||
| 100 | _a20040212d1976 |||y0rusy50 ca | ||
| 101 | 0 | _arus | |
| 102 | _aRU | ||
| 105 | _ay ||||||||| | ||
| 200 | 0 | _aВып.57 | |
| 210 |
_d1976 _aБ. м. |
||
| 225 | 1 |
_a... _vВып.57 _i... _vСб.3 |
|
| 461 | 0 |
_1001RU\NLR\INFOCOMM55\5000113994 _12001#$aТруды СибАДИ$fСиб. гос. автомоб. дор. акад. (СибАДИ)$vВып.57 _94508310 _aСибирская автомобильно-дорожная академия (Омск) _cОмск _d1935- _fСиб. гос. автомоб. дор. акад. (СибАДИ) _nИзд-во СибАДИ _tТруды СибАДИ _vВып.57 |
|
| 462 | 0 |
_1001RU\NLR\IC100\5000003082 _12001#$aГидропривод и системы управления землеройно-транспортных машин$eСборник науч. работ$fМ-во высш. и сред. спец. образ. РСФСР. Сиб. автомоб.-дор. ин-т им. В.В.Куйбышева$vСб.3 _94402088 _cОмск _d1973- _fМ-во высш. и сред. спец. образ. РСФСР. Сиб. автомоб.-дор. ин-т им. В.В.Куйбышева _oСборник науч. работ _tТруды СибАДИ. - Гидропривод и системы управления землеройно-транспортных машин _vСб.3 |
|
| 801 | 1 |
_aRU _bInfoComm _c20040212 |
|
| 801 | 0 |
_aRU _bNLR _gPSBO |
|
| 852 |
_aNLR _jП10/1970 |
||
| 942 | _cISSUE | ||
| 980 | _aNB | ||
| 980 | _aRUSPER | ||